书目信息 |
| 题名: |
混合型胶磷矿选矿技术
|
|
| 作者: | 李耀基 , 周琼波 , 张晖 著 | |
| 分册: | ||
| 出版信息: | 北京 电子工业出版社 2018.01 |
|
| 页数: | 241页 | |
| 开本: | 24cm | |
| 丛书名: | ||
| 单 册: | ||
| 中图分类: | P578.92 | |
| 科图分类: | ||
| 主题词: | 胶磷矿--选矿技术 | |
| 电子资源: | ||
| ISBN: | 978-7-121-33060-5 | |
| 000 | 01036nam0 2200253 450 | |
| 001 | 1398 | |
| 005 | 20180928094943.16 | |
| 010 | @a978-7-121-33060-5@dCNY55.00 | |
| 100 | @a20180513d2018 em y0chiy50 ea | |
| 101 | 0 | @achi |
| 102 | @aCN@b110000 | |
| 105 | @aa z 000yy | |
| 200 | 1 | @a混合型胶磷矿选矿技术@9hun he xing jiao lin kuang xuan kuang ji shu@f李耀基,周琼波,张晖著 |
| 210 | @a北京@c电子工业出版社@d2018.01 | |
| 215 | @a241页@c图@d24cm | |
| 300 | @a云南省科技领军人才项目“胶磷矿采选关键技术集成研究与工程示范”资助出版 | |
| 330 | @a本书简要介绍了国内外磷矿选矿现状,探讨了表面活性剂的基本性质、浮选的基本原理及过程。对混合型胶磷矿进行了工艺矿物学研究,查明了硅质脉石的赋存状态,较为全面的介绍了单矿物浮选、反浮选、正浮选等工艺,提出了分级浮选及化学脱硅的方法。 | |
| 606 | 0 | @a胶磷矿@x选矿技术 |
| 690 | @aP578.92@v5 | |
| 701 | 0 | @a李耀基@9li yao ji@f(1962-)@4著 |
| 701 | 0 | @a周琼波@9zhou qiong bo@4著 |
| 701 | 0 | @a张晖@9zhang hui@c(矿业工程)@4著 |
| 801 | 0 | @aCN@b91MARC@c20180513 |
| 905 | @aMuseLib@dP578.92@e129 | |
| 混合型胶磷矿选矿技术/李耀基,周琼波,张晖著.-北京:电子工业出版社,2018.01 |
| 241页:图;24cm |
| 云南省科技领军人才项目“胶磷矿采选关键技术集成研究与工程示范”资助出版 |
| ISBN 978-7-121-33060-5:CNY55.00 |
| 本书简要介绍了国内外磷矿选矿现状,探讨了表面活性剂的基本性质、浮选的基本原理及过程。对混合型胶磷矿进行了工艺矿物学研究,查明了硅质脉石的赋存状态,较为全面的介绍了单矿物浮选、反浮选、正浮选等工艺,提出了分级浮选及化学脱硅的方法。 |
| ● |
| 相关链接 |
|
|
|
|
正题名:混合型胶磷矿选矿技术
索取号:P578.92/129
 
预约/预借
| 序号 | 登录号 | 条形码 | 馆藏地/架位号 | 状态 | 备注 |
| 1 | 1122486 | 211224860 | 第二样本阅览室/ [索取号:P578.92/129] | 在馆 | |
| 2 | 1122487 | 211224879 | 化学系资料室/ [索取号:P578.92/129] | 在馆 | |
| 3 | 1122488 | 211224888 | 第三借阅区/ [索取号:P578.92/129] | 在馆 | |
| 4 | 1122489 | 211224897 | 第三借阅区/ [索取号:P578.92/129] | 在馆 | |
| 5 | 1122490 | 211224904 | 第三借阅区/ [索取号:P578.92/129] | 在馆 |